01058 2200349 4500001002100000005001500021035002000036007000300056008004100059020002200100082001700122084001900139100003500158245007500193250003500268300005000303650003200353264003200385336002100417337003000438338002300468040002200491090002200513090002100535700003400556850001200590999002200602990002200624990002000646990002000666990002200686INLIS00000000088744820240627112143 a0010-0624000350ta240611s2023 yoia g p ind d a978-623-6650-36-304223a899.2211 a899.2211 DAF r0 aDaffa Randaid1996-ePengarang10aRute lain menuju hatimu /cDaffa Randai; ilustrator, Prayogo Wicaksono aCetakan Pertama, November 2023 axii, [80] halaman :bgambar berwarna ;c19 cm 4aPuisi Indonesia--xKumpulan31aBantul :bRua Aksara,c2023 2rdacontentateks 2rdamediaatanpa perantara 2rdacarrieravolume aYOPDYOGbinderda aCB-D.11 2023-5329 aT 899.2211 DAF r0 aPrayogo WicaksonoeIlustrator aYOPDYOG aCB-D.11/2023-5329 aCB-D.11/2023-5329 a72179-PD/A.2024 a72179-PD/A.2024 aCB-D.11/2023-5329